LEADER 01092nam a2200265 i 4500 001 000000171458 003 CaOOAMICUS 005 20080519000000.0 008 080519s1968 it u000 u ita u 013 $a148889 040 $aSeMil$bita 100 1 $aWinspear, Alban Dewes.$0(OLS)http://semarc/name/64126 245 10$aChe cosa ha veramente detto Lucrezio /$cA. D. Winspear. 260 $aRoma :$bUbaldini,$ccopyr. 1968. 300 $a147 p. ;$c19 cm. 490 0 $aChe cosa hanno veramente detto [Ubaldini]$ ;$v15. 500 $aContiene : Bibliografia. - Fondo Card. Giovanni Colombo. 600 04$aLucrezio Caro, Tito .$0(OLS)http://semarc/subject/11047 830 0$aChe cosa hanno veramente detto ;$v15.$0(OLS)http://semarc/title/17477 850 $aSeMil 852 $aSeMil$W1$xVenegono$y1$m1D I 194$j122327$B122327$CSeMilBibl$Z2$F134174 $81 941 1 $a3 961 $aLascito: Colombo Card. Giovanni 996 $6245$aChe cosa ha veramente detto Lucrezio$9(OLS)http://semarc/title/245283 996 $6260$aRoma :$bUbaldini$9(OLS)http://semarc/publisher/31419 LEADER 01585nam a2200289 i 4500 001 000000000878 003 CaOOAMICUS 005 20191104120604.0 008 180830s18401857fr d u000 u lat u 040 $aSeMil$bita 100 1 $aDu Cange, Charles,$d<1610-1688>.$0(OLS)http://semarc/name/752 245 10$aGlossarium Mediae et Infimae Latinitatis /$cconditum a Carolo Dufresne domino du Cange ; auctum a monachis ordinis S. Benedicti ; cum supplementis integris D. P. Carpenterii ; et additamentis adelungii et aliorum digessit G.A.L. Henschel. 264 1$aParisiis :$bExcudebant Firmin Didot fratres,$c1840-1857. 650 4$aLingua latina medievale - Dizionari, vocabolari, glossari, etc.$0(OLS)http://semarc/subject/271 700 1 $aCarpentier, Pierre,$d<1697-1767>.$0(OLS)http://semarc/name/14116 700 1 $aHenschel, G. A. Louis,$d<1806-1852>.$0(OLS)http://semarc/name/755 710 2 $aBenedettini .$0(OLS)http://semarc/name/754 774 0 $t[A-BYZ].$g1$w()73797 774 0 $t[C-DYS].$g2$w()104023 774 0 $t[E-KYR].$g3$w()104024 774 0 $t[L-OZZ].$g4$w()104025 774 0 $t[P-RZY].$g5$w()104029 774 0 $t[S-ZYT].$g6$w()104030 774 0 $aDu Cange, Charles <1610-1688>$tContinet glossarium gallicum, tabulas, indices auctorum et rerum, dissertationes.$dParisiis : Excudebant Firmin Didot fratres, 1850.$g7$w()104031 996 $6245$aGlossarium Mediae et Infimae Latinitatis$9(OLS)http://semarc/title/1361 996 $6264$aParisiis :$bExcudebant Firmin Didot fratres$9(OLS)http://semarc/publisher/30053